000
00254nam a2200109Ia 4500
008
220204s9999 xx 000 0 und d
082
_a
82-3SIL
_b
STE
100
_a
Jeanne
245
4
_a
The Splendoured sky
260
_a
Kent
_b
Silhouette
_c
1983
942
_c
BK
999
_c
37883
_d
37883